000
00215nam a2200085Ia 4500
008
120527s9999 xx 000 0 und d
100
_a
Harrell & Franzier
245
_a
Marketing: Connecting with customers
942
_c
BK
999
_c
27170
_d
27170